What's Left? Quiz Stats

Quiz Updated Feb 18, 2016

Also try: What's Left? II
Challenge
Share
Tweet
Embed
Score 0/30 Timer 04:00
0 Plays Today
Full version - Acronym Acronym % Correct
aturday ight iveSNL
94.6%
hank oodness t's ridayTGIF
93.4%
ohn itzgerald ennedyJFK
93.1%
ersonal igital ssistantPDA
91.9%
ed ot hili eppersRHCP
91.9%
elf ontained nderwater reathing pparatusSCUBA
91.6%
upreme ourt f he nited tatesSCOTUS
91.2%
pecial eapons nd acticsSWAT
90.9%
orld f arcraftWoW
90.1%
ord f he ingsLoTR
90%
augh ut oudLOL
89.6%
rans orld irlinesTWA
87.9%
unners n coring ositionRISP
83.1%
retty arn uickPDQ
78.1%
reenwich ean imeGMT
78%
Full version - Acronym Acronym % Correct
ritish hermal nitBTU
75.6%
easles umps ubellaMMR
75%
hat ou ee s hat ou etWYSIWYG
73.3%
oints er amePPG
71.6%
etro oldwyn ayerMGM
71.2%
eoxyriboucleic cidDNA
67.4%
nno ominiAD
65.1%
en n lackMIB
60.3%
uperonic ransportSST
55.9%
ing ames ersionKJV
53%
ow et our otherHIMYM
50.8%
ot n y ackardNIMBY
50.2%
errell wensTO
45.2%
or he inFTW
44.5%
uod rat emonstrandumQED
31.9%

You're not logged in!

Compare scores with friends on all Sporcle quizzes.
Join for Free
OR
Log In

You Might Also Like...

Show Comments

Extras

Top Quizzes Today


Score Distribution

Your Account Isn't Verified!

In order to create a playlist on Sporcle, you need to verify the email address you used during registration. Go to your Sporcle Settings to finish the process.

Report this User

Report this user for behavior that violates our Community Guidelines.

Details: